| 000 | 00489cam a22002051 4500 | ||
|---|---|---|---|
| 001 | sa 68020997 | ||
| 003 | DLC | ||
| 005 | 20260227112728.0 | ||
| 008 | 080422s1964 xx 000 0 snd | ||
| 010 | _asa 68020997 | ||
| 020 | _cRsl.50 | ||
| 040 |
_aDLC _cDLC _dDLC |
||
| 050 | 0 | 0 |
_aPK2788.9.M57 _bC3 |
| 100 | 0 |
_aMohan Kalpana, _d1930- |
|
| 245 | 1 | 0 | _aCāndinī ʻain zahiru. |
| 260 |
_an.p. _c1964. |
||
| 300 |
_a95 p. ; _c19 cm. |
||
| 500 | _aIn Sindhi. | ||
| 500 | _aShort stories. | ||
| 999 |
_c89633 _d89633 |
||